| 000 | 00879cab a2200229 4500 | ||
|---|---|---|---|
| 001 | WB3242-44 | ||
| 008 | 090401t1996 xxu||||| |||| 00| 0 eng d | ||
| 035 | _a(Sirsi) u44792 | ||
| 041 | _aeng | ||
| 245 | _aBreach of covenant | ||
| 260 | _c1996 | ||
| 350 | _a0 | ||
| 490 |
_aEstates Gazette Case Summaries _v[1996] EGCS 162, (2 November 1996) (1) |
||
| 520 | _a"Mullen v Hackney LBC" CA 18 October 1996. A fine against H for breach of a consent order relating to an earlier breach of a repairing covenant, is upheld, allowing the judge to take account of his `local knowledge` of the Council`s notorious record in similar cases. | ||
| 650 | _aBREACH OF COVENANTS | ||
| 650 | _aLOCAL KNOWLEDGE | ||
| 650 | _aMULLEN V HACKNEY LBC | ||
| 650 | _aREPAIRING COVENANTS | ||
| 690 | _aLANDLORD AND TENANT-CASE LAW-RESIDENTIAL TENANCIES | ||
| 942 | _n0 | ||
| 948 | _c04/03/1997 | ||
| 999 |
_c28462 _d28462 |
||